[Event "FSGM October"]
[Site "Budapest HUN"]
[Date "2004.10.06"]
[Round "5"]
[White "Szeberenyi,A"]
[Black "Ilincic,Z"]
[Result "0-1"]
[WhiteElo "2422"]
[BlackElo "2520"]

1.d4 Nf6 2.c4 e6 3.Nf3 Bb4+ 4.Bd2 c5 5.Bxb4 cxb4 6.Qd3 O-O 7.e4 d6 8.Nbd2 Nfd7
9.a3 Na6 10.Be2 e5 11.axb4 Nxb4 12.Qc3 a5 13.O-O b6 14.dxe5 dxe5 15.Rfd1 Qc7
16.Nf1 Bb7 17.Ng3 f6 18.Nd2 Nc5 19.Nb3 Nxe4 20.Nxe4 Bxe4 21.c5 Kh8 22.cxb6 Qxb6
23.Qc5 Qe6 24.Nxa5 Nc2 25.Rd6 Qe7 26.Ra4 Nd4 27.Bf1 Nf5 28.Rxe4 Qxd6 29.Rc4 Qxc5
30.Rxc5 Rfc8 31.Rxc8+ Rxc8 32.b4 Rc1 33.g3 Nd4 34.Kg2 Rb1 35.b5 Nxb5 36.Bd3 Rb2
37.Nc4 Rb4 38.Ne3 Nd4 39.h4 Rb3 40.Be4 g6 41.g4 Kg7 42.Nc4 Rb4 43.Bd5 Ne2
44.Ne3 Nf4+ 45.Kg3 Nxd5 46.Nxd5 Rb3+ 47.Ne3 f5 48.gxf5 gxf5 49.Kg2 Kg6 50.Nc4 e4
51.Nd2 Rd3 52.Nc4 Kh5 53.Ne3 f4 54.Nf5 Kg4 55.Nh6+ Kxh4 56.Nf7 Rd5  0-1

[Event "Goodbye Summer Open"]
[Site "Omis CRO"]
[Date "2004.10.07"]
[Round "2"]
[White "Zaja,I"]
[Black "Brulic,D"]
[Result "1-0"]
[WhiteElo "2459"]
[BlackElo "2241"]

1.d4 Nf6 2.c4 e6 3.Nf3 Bb4+ 4.Bd2 c5 5.Bxb4 cxb4 6.g3 O-O 7.Bg2 d6 8.O-O Nc6
9.Ne1 Qb6 10.e3 e5 11.d5 Nb8 12.Nd2 Bg4 13.Bf3 Bh3 14.Ng2 Na6 15.Qb1 Nd7
16.Qe4 Qd8 17.Rfc1 g5 18.Ne1 f5 19.Qc2 Ndc5 20.Bg2 Bxg2 21.Nxg2 Qe8 22.f3 Qh5
23.Rf1 Rf6 24.Rf2 Rh6 25.Ne1 f4 26.g4 Qe8 27.exf4 gxf4 28.Re2 Qd8 29.Kh1 Kh8
30.Rg2 Qb6 31.Qf5 Rg8 32.g5 Rhg6 33.h4 Qd8 34.Nc2 h5 35.a3 Qb6 36.b3 Kg7
37.axb4 Nxb4 38.Nxb4 Qxb4 39.Rxa7 Rf8 40.Qb1 Na6 41.Qg1 Kh8 42.Re2 Nc5 43.Qb1 Rg7
44.Ra2 b5 45.Qc2 Rb8 46.Kg2 bxc4 47.bxc4 Kg8 48.Re1 Qb7 49.Rb1 Qc8 50.Rab2 Rxb2
51.Rxb2 Qe8 52.Qb1 Qg6 53.Rb8+ Kh7 54.Rb6 Qxb1 55.Nxb1 Rd7 56.Nc3 Kg6 57.Nb5 Nb7
58.Nxd6 Rxd6 59.Rxb7 Ra6 60.Rb2  1-0

[Event "XI Bela Papp Mem"]
[Site "Torokbalint HUN"]
[Date "2004.10.22"]
[Round "7"]
[White "Seres,L"]
[Black "Ilincic,Z"]
[Result "1/2-1/2"]
[WhiteElo "2443"]
[BlackElo "2522"]

1.d4 Nf6 2.c4 e6 3.Nf3 Bb4+ 4.Bd2 c5 5.Bxb4 cxb4 6.e3 O-O 7.Be2 d6 8.O-O b6
9.Ne1 Nc6 10.Bf3 Qd7 11.Nd3 a5 12.a3 Ba6 13.Nd2 bxa3 14.bxa3 b5 15.cxb5 Bxb5
16.Qb3 Rab8 17.Rfc1 Ne7 18.Nc4 Ba6 19.Qd1 Rfc8 20.Ncb2 Ned5 21.Rxc8+ Rxc8
22.Rc1 Kf8 23.Rxc8+ Qxc8 24.Qb3 Ke7 25.h3 Qc3 26.Qxc3 Nxc3 27.Nc1 Bb5 28.Nb3 a4
29.Nd2 e5 30.dxe5 dxe5 31.Bd1 Nxd1 32.Nxd1 Nd5 33.Nb1 Kd6 34.Ndc3 Kc5 35.Nxd5 Kxd5
36.Nd2 f5 37.Kh2 Bd7 38.Kg1 Bb5 39.Kh2 f4 40.Kg1 g5 41.Kh2 h5 42.h4 g4 43.g3 f3
44.Kg1 e4 45.Kh2  1/2-1/2

[Event "4th Rohde Open"]
[Site "Sautron FRA"]
[Date "2004.10.23"]
[Round "1"]
[White "Rate,B"]
[Black "Dobrev,N"]
[Result "0-1"]
[WhiteElo "2089"]
[BlackElo "2416"]

1.d4 Nf6 2.Nf3 e6 3.c4 Bb4+ 4.Bd2 Qe7 5.Nc3 d5 6.e3 O-O 7.a3 Bxc3 8.Bxc3 a5
9.b3 Ne4 10.Bb2 Bd7 11.Be2 a4 12.b4 c6 13.O-O f5 14.Nd2 b5 15.cxb5 cxb5 16.f3 Nd6
17.Bd3 Nc4 18.Nxc4 dxc4 19.Bc2 Bc6 20.Qe2 Nd7 21.e4 fxe4 22.fxe4 Rxf1+ 23.Rxf1 Rf8
24.Rxf8+ Nxf8 25.Qh5 Nd7 26.h3 Nf6 27.Qe5 Kf7 28.Qf4 Ke8 29.Qb8+ Qd8 30.Qe5 Kd7
31.Qc5 Qe7 32.Qa7+ Ke8 33.Qb8+ Qd8 34.Qe5 Kf7 35.Qf4 Kg8 36.Qe5 Qc8 37.Qg3 Qe8
38.d5 exd5 39.exd5 g6 40.Bxg6 hxg6 41.Qc7 Qf8 42.Bxf6 Qxf6 43.Qc8+ Kh7 44.Qxc6 Qd4+
45.Kh2 Qf4+ 46.Kg1 Qe3+ 47.Kh2 c3 48.d6 Qf4+ 49.Kh1 Qc4 50.Qxc4 bxc4 51.d7 c2
52.d8=Q c1=Q+ 53.Kh2 c3 54.Qc8 Qb2  0-1

[Event "4th Rohde Open"]
[Site "Sautron FRA"]
[Date "2004.10.24"]
[Round "2"]
[White "Paci,C"]
[Black "Colin,V"]
[Result "0-1"]
[WhiteElo "2254"]
[BlackElo "2396"]

1.Nf3 Nf6 2.c4 e6 3.d4 Bb4+ 4.Bd2 Qe7 5.g3 Nc6 6.Bg2 a5 7.O-O Bxd2 8.Qxd2 d6
9.Nc3 O-O 10.e4 e5 11.d5 Nb8 12.Ne1 Nfd7 13.Nd3 Nb6 14.b3 Na6 15.Nb5 a4 16.Qe3 f5
17.exf5 Bxf5 18.Rae1 axb3 19.axb3 Qd7 20.f4 Bxd3 21.Qxd3 Nc5 22.Qd1 exf4
23.gxf4 Ra2 24.Re3 Qf7 25.Bh3 Qf6 26.Nd4 Ne4 27.Be6+ Kh8 28.Bf5 Nd2  0-1

[Event "19th Open"]
[Site "Le Touquet FRA"]
[Date "2004.10.25"]
[Round "1"]
[White "Vaillant,S"]
[Black "Brunner,N"]
[Result "1/2-1/2"]
[WhiteElo "2068"]
[BlackElo "2269"]

1.d4 Nf6 2.Nf3 e6 3.c4 Bb4+ 4.Bd2 Qe7 5.g3 O-O 6.Bg2 Bxd2+ 7.Nbxd2 d6 8.e4 e5
9.d5 Bg4 10.O-O a5 11.Qc2 Bxf3 12.Bxf3 Na6 13.a3 c6 14.b3 Qc7 15.Qb2 Nd7
16.b4 axb4 17.axb4 c5 18.b5 Nb4 19.Rxa8 Rxa8 20.Ra1 Qb8 21.Bg4 Nb6 22.Bd1 Ra7
23.Rxa7 Qxa7 24.Kg2 Qa5 25.Be2 Qa4 26.Nb3 Na2 27.Nxc5 dxc5 28.Qxe5 Qa8 29.Qc7 Nc3
30.Qxb6 Nxe2 31.Qxc5 Nc3 32.Qe7 Na4 33.Qc7 b6 34.f3 Qe8 35.d6 Nc5 36.Qxb6 Nxe4
37.fxe4 Qxe4+ 38.Kf2 Qc2+ 39.Ke1 Qc1+ 40.Ke2 Qxc4+ 41.Kd2 Qd5+ 42.Kc3 g6
43.Qc6 Qe5+ 44.Kc4 Qe2+ 45.Kb4 Qd2+ 46.Kc5 Qe3+ 47.Kb4  1/2-1/2

[Event "19th Open"]
[Site "Le Touquet FRA"]
[Date "2004.10.29"]
[Round "7"]
[White "Clery,N"]
[Black "Pietrasanta,J"]
[Result "1-0"]
[WhiteElo "2325"]
[BlackElo "2242"]

1.d4 Nf6 2.c4 e6 3.Nf3 Bb4+ 4.Bd2 Bxd2+ 5.Qxd2 d6 6.Nc3 Nbd7 7.g3 O-O 8.Bg2 Re8
9.O-O e5 10.e3 c6 11.Qc2 Nf8 12.h3 e4 13.Nd2 d5 14.Kh2 Ng6 15.Rfc1 h5 16.cxd5 cxd5
17.Nb5 Re7 18.a4 a6 19.Nc7 Rb8 20.Ra3 Bf5 21.b4 Qd6 22.Qc5 Qd8 23.Qc2 Qd7
24.Rc3 Qd6 25.b5 Bd7 26.Qb3 axb5 27.Nxb5 Qe6 28.Qb4 Qf5 29.Kg1 h4 30.Qd6 Ra8
31.g4 Qg5 32.f4 Qh6 33.g5 Qh5 34.gxf6 gxf6 35.Rc7  1-0

[Event "TCh-SWE Elitserien 2004-5"]
[Site "Skara SWE"]
[Date "2004.11.05"]
[Round "1"]
[White "Holst,C"]
[Black "Sjoberg,M"]
[Result "0-1"]
[WhiteElo "2163"]
[BlackElo "2346"]

1.d4 Nf6 2.c4 e6 3.Nf3 Bb4+ 4.Bd2 Qe7 5.Nc3 b6 6.g3 Ba6 7.b3 Bb7 8.Bg2 Ne4
9.Nxe4 Bxe4 10.O-O a5 11.Ne1 Bxg2 12.Nxg2 O-O 13.e4 a4 14.Bxb4 Qxb4 15.Qd3 Nc6
16.Ne3 Qe7 17.f4 Ra5 18.f5 f6 19.Rae1 Nb4 20.Qd2 axb3 21.axb3 Ra2 22.Qd1 c6
23.e5 fxe5 24.dxe5 Raa8 25.Kh1 exf5 26.Nxf5 Qe6 27.Qg4 g6 28.Nh6+ Kg7 29.Qg5 Nd3
30.Rxf8 Rxf8 31.Re3 Nf2+ 32.Kg2 Qh3+ 33.Kg1 Qxh6 34.Qxh6+ Kxh6 35.e6 dxe6
36.Rxe6 Kh5 37.Rxc6 Nh3+ 38.Kg2 Kg4 39.Rd6 Rf2+ 40.Kh1 Rf1+ 41.Kg2 Rg1+  0-1

[Event "WYg16"]
[Site "Heraklio GRE"]
[Date "2004.11.06"]
[Round "4"]
[White "Nebolsina,V"]
[Black "Franciskovic,B"]
[Result "1/2-1/2"]
[WhiteElo "2218"]
[BlackElo "2145"]

1.d4 Nf6 2.Nf3 e6 3.c4 Bb4+ 4.Bd2 c5 5.Bxb4 cxb4 6.a3 bxa3 7.Rxa3 O-O 8.Nc3 d6
9.e4 Nc6 10.Bd3 Re8 11.e5 dxe5 12.dxe5 Ng4 13.O-O Ngxe5 14.Nxe5 Nxe5 15.Bxh7+ Kxh7
16.Qh5+ Kg8 17.Qxe5 Qe7 18.Nb5 f6 19.Qh5 Rd8 20.Nxa7 Bd7 21.Rfa1 Be8 22.Qe2 Rab8
23.h4 Rd4 24.h5 Rbd8 25.Nb5 Rd2 26.Qg4 Bxb5 27.cxb5 Rxb2 28.Qc4 Rb4 29.Qe2 Rbd4
30.Rg3 Rd2 31.Qg4 f5 32.Qf3 Qf6 33.Re1 R2d3 34.Qxd3 Rxd3 35.Rxd3 Qb2 36.Rde3 Qxb5
37.Rxe6 Kh7 38.Rg6 Qc5 39.Re3 f4 40.Rh3 Qf5 41.Rb6 Qd7 42.Rhb3 Kg8 43.R3b5 Qd1+
44.Kh2 f3 45.Rg6 fxg2 46.Kxg2 Qd3 47.Rgb6 Qe4+ 48.Kg3 Qd3+ 49.f3 Qd4 50.Rxb7 Qd6+
51.Kg2 Qd2+ 52.Kh3 Qf4 53.Kg2 Qd2+ 54.Kg3 Qd6+ 55.f4 Qd3+ 56.Kg4 Qe2+ 57.Kg5 Qg2+
58.Kf5 Qh3+ 59.Ke4 Qe6+ 60.Kd4 Qf6+ 61.Ke3 Qc3+ 62.Ke4 Qc6+  1/2-1/2

[Event "TCh-SWE Elitserien 2004-5"]
[Site "Skara SWE"]
[Date "2004.11.06"]
[Round "2"]
[White "Svenn,G"]
[Black "Larsson,P"]
[Result "1-0"]
[WhiteElo "2360"]
[BlackElo "2353"]

1.d4 Nf6 2.Nf3 e6 3.c4 Bb4+ 4.Bd2 Qe7 5.g3 Nc6 6.Nc3 d5 7.Bg2 O-O 8.O-O Rd8
9.a3 Bxc3 10.Bxc3 a5 11.Qd3 Ne4 12.Rac1 Bd7 13.Rfd1 f5 14.cxd5 exd5 15.e3 Be8
16.Qc2 a4 17.Re1 Bh5 18.Nd2 Kh8 19.f3 Nxc3 20.Qxc3 Rd7 21.Qc2 Bg6 22.f4 Nd8
23.Nf3 Nf7 24.Bh3 Qe6 25.Ne5 Re7 26.Qd2 c6 27.Rc5 Nd6 28.Ra5 Ree8 29.Qb4 Rxa5
30.Qxa5 Nc4 31.Qxa4 Nxb2 32.Qb3 Nc4 33.Qxb7 Nxa3 34.Qxc6 Qxc6 35.Nxc6 Rc8
36.Nb4 Rd8 37.Rc1 h6 38.Rc5  1-0

[Event "FSGM November"]
[Site "Budapest HUN"]
[Date "2004.11.11"]
[Round "6"]
[White "Gonda,L"]
[Black "Seres,L"]
[Result "1-0"]
[WhiteElo "2400"]
[BlackElo "2443"]

1.d4 Nf6 2.Nf3 e6 3.c4 Bb4+ 4.Bd2 c5 5.Bxb4 cxb4 6.Qd3 O-O 7.Nbd2 d6 8.e4 Na6
9.Be2 b6 10.O-O Bb7 11.Ne1 e5 12.Nc2 Re8 13.f3 Nh5 14.g3 Qg5 15.Kf2 g6 16.Qe3 Qe7
17.Rfe1 f5 18.exf5 gxf5 19.Qh6 Ng7 20.c5 bxc5 21.dxc5 Rad8 22.Bb5 Qe6 23.Qxe6+ Rxe6
24.cxd6 Rexd6 25.Nb3 Nc7 26.Bc4+ Bd5 27.Ne3 Bxc4 28.Nxc4 Rh6 29.Kg2 Na8 30.Rad1 Rxd1
31.Rxd1 Nb6 32.Nxe5 Re6 33.Rd8+ Ne8 34.f4 Na4 35.Ra8 Nxb2 36.Nc5 Re7 37.Na6 Kg7
38.Nxb4 Nf6 39.Nbc6 Rb7 40.Rxa7  1-0

[Event "WYb14"]
[Site "Heraklio GRE"]
[Date "2004.11.11"]
[Round "9"]
[White "Margvelashvili,G"]
[Black "Rothuis,V"]
[Result "1-0"]
[WhiteElo "2349"]
[BlackElo "2217"]

1.d4 Nf6 2.c4 e6 3.Nf3 Bb4+ 4.Bd2 Qe7 5.g3 Bxd2+ 6.Qxd2 d6 7.Nc3 e5 8.Bg2 O-O
9.O-O c6 10.e4 Na6 11.h3 Nc7 12.Rad1 Re8 13.Rfe1 b6 14.Nh4 c5 15.dxe5 dxe5
16.f4 Ne6 17.fxe5 Nd7 18.Nf5 Qf8 19.Qd6 Nd4 20.Qxf8+ Rxf8 21.Nxd4 cxd4 22.Rxd4 Nxe5
23.Red1 Ba6 24.b3 Rfe8 25.Kf2 Kf8 26.Bf1 Rac8 27.Be2 g6 28.Nd5 Kg7 29.Nc3 h6
30.Rd6 h5 31.h4 Re6 32.Rxe6 fxe6 33.Ke3 Kf6 34.Kf4 Nc6 35.Rd7 e5+ 36.Ke3 Ke6
37.Rg7 Kf6 38.Rh7 Ke6 39.Nd5 Kd6 40.Rg7 Kc5 41.Rxg6 Nb4 42.a3  1-0

[Event "Tch-FIN 2004-5"]
[Site "Finland FIN"]
[Date "2004.11.14"]
[Round "5"]
[White "Koskinen,Hen"]
[Black "Jouhki,Y"]
[Result "1/2-1/2"]
[WhiteElo "2260"]
[BlackElo "2307"]

1.d4 Nf6 2.Nf3 e6 3.c4 Bb4+ 4.Bd2 Qe7 5.g3 Nc6 6.Bg2 Bxd2+ 7.Nbxd2 d6 8.O-O a5
9.e4 e5 10.d5 Nb8 11.Ne1 O-O 12.Nd3 Na6 13.a3 c6 14.b4 cxd5 15.cxd5 axb4
16.axb4 Bd7 17.Ra5 b6  1/2-1/2

[Event "Acropolis WGM Open"]
[Site "Athens GRE"]
[Date "2004.11.17"]
[Round "2"]
[White "Papadopoulou,V"]
[Black "Foisor,C"]
[Result "0-1"]
[WhiteElo "2227"]
[BlackElo "2436"]

1.d4 Nf6 2.c4 e6 3.Nf3 Bb4+ 4.Bd2 Qe7 5.a3 Bxd2+ 6.Nbxd2 d6 7.e4 e5 8.dxe5 dxe5
9.Be2 O-O 10.O-O c5 11.b4 Nc6 12.Rb1 Rd8 13.Qb3 Bg4 14.h3 Bh5 15.b5 Nd4 16.Nxd4 Rxd4
17.Bxh5 Rxd2 18.Bf3 Rad8 19.Rbd1 b6 20.Qa4 g6 21.Rxd2 Rxd2 22.Rd1 Rd4 23.Qc2 Qd6
24.Kh2 h5 25.g3 Kg7 26.Kg2 Nh7 27.h4 Nf8 28.a4 Ne6 29.Be2 Qd8 30.Bf3 Qa8
31.Kh2 f5 32.Re1 f4 33.Kg2 Qd8 34.Rd1 Qf6 35.Qc1 Qf7 36.Qc2 fxg3 37.fxg3 Rxc4
38.Qb2 Nd4  0-1

[Event "Petrosian Mem Open"]
[Site "Yerevan ARM"]
[Date "2004.11.20"]
[Round "2"]
[White "Iskusnyh,S"]
[Black "Khachatryan,V"]
[Result "0-1"]
[WhiteElo "2502"]
[BlackElo "2317"]

1.d4 Nf6 2.c4 e6 3.Nf3 Bb4+ 4.Bd2 c5 5.Bxb4 cxb4 6.g3 O-O 7.Bg2 d6 8.O-O a5
9.a3 Na6 10.Nbd2 Re8 11.e4 e5 12.c5 Bg4 13.Nc4 Nxe4 14.cxd6 exd4 15.Qxd4 Nac5
16.Nfd2 Qf6 17.Qxf6 Nxf6 18.axb4 axb4 19.Rxa8 Rxa8 20.Ne5 Rd8 21.Rc1 b6 22.Nxg4 Nxg4
23.Nc4 Nxf2 24.Ra1 Nfd3 25.Bc6 g6 26.Ra7 Kg7 27.h4 h5 28.Kg2 Kf6 29.Ra1 Ne5
30.Rf1+ Ke6 31.Nxe5 Kxe5 32.Rxf7 Rxd6 33.Bb5 Nd3 34.Bxd3 Rxd3 35.Rb7 Rd6
36.Kf3 Kd4 37.Rc7 Rf6+ 38.Ke2 Re6+ 39.Kf3 Kd3 40.b3 Rf6+ 41.Kg2 b5 42.Rc5 Rf5
43.Rc6 g5 44.hxg5 Rxg5 45.Kh3 Kd4 46.Kh4 Rg4+ 47.Kh3 Re4 48.Rd6+ Kc3 49.Rd5 Kxb3
50.Rxb5 Kc3 51.Rxh5 b3 52.Rf5 b2 53.Rf1 Rb4 54.Rb1 Kc2 55.Rf1 b1=Q 56.Rxb1 Rxb1
57.Kg4 Kd3  0-1

[Event "1st Master Rapid Open"]
[Site "Benidorm ESP"]
[Date "2004.11.21"]
[Round "6"]
[White "Taboas Rodriguez,D"]
[Black "Muelas Cerezuela,J"]
[Result "0-1"]
[WhiteElo "2266"]
[BlackElo "2104"]

1.d4 e6 2.c4 Nf6 3.Nf3 Bb4+ 4.Bd2 Qe7 5.Nc3 O-O 6.Qc2 d6 7.a3 Bxc3 8.Bxc3 Nbd7
9.e4 e5 10.d5 Nc5 11.Nd2 a5 12.b4 Na6 13.Qb2 Nh5 14.g3 g6 15.Be2 Ng7 16.O-O Bh3
17.Rfe1 f5 18.Bf1 Bxf1 19.Rxf1 f4 20.f3 fxg3 21.hxg3 Nh5 22.Kf2 Qg5 23.Rg1 Rf7
24.Qc2 Raf8 25.Qd3 Qg4 26.Rg2 Qd7 27.Ke2 Qh3 28.Rag1 Qd7 29.Qc2 axb4 30.axb4 c6
31.Kd1 cxd5 32.exd5 b5 33.Re2 bxc4 34.Re4 Qb5 35.Rxc4 Qxd5 36.Qe4 Qe6 37.Qg4 Qe8
38.Rh1 Nf6 39.Qg5 d5 40.Rch4 d4 41.Bb2 Nxb4 42.Bc1 Qa4+ 43.Ke2 Qa6+ 44.Kf2 e4
45.Nxe4 Nxe4+ 46.Rxe4 Rxf3+ 47.Kg2 Rf2+ 48.Kh3 Qc8+ 49.Qg4 Qxg4+ 50.Kxg4 Nc6
51.Bh6 Rd8 52.Rc1 Nb8 53.Rc7 Rf7 54.Rc1 d3 55.Rd1 Nd7 56.Rxd3 Nf6+ 57.Kh3 Rxd3
58.Ra4 Rd8 59.Rb4 Nh5 60.Rb3 Ng7 61.Bg5 Rc8 62.Ra3 Rfc7 63.Bf4 Rc3 64.Ra7 R3c5
65.Kg4 Ne6 66.Bd6 Rc4+ 67.Kh3 Ng5+  0-1

[Event "1st Master Rapid Open"]
[Site "Benidorm ESP"]
[Date "2004.11.21"]
[Round "7"]
[White "Szmetan,R"]
[Black "Giaccio,A"]
[Result "1-0"]
[WhiteElo "2283"]
[BlackElo "2467"]

1.d4 e6 2.Nf3 Nf6 3.c4 Bb4+ 4.Bd2 a5 5.g3 d6 6.Bg2 Qe7 7.O-O Bxd2 8.Qxd2 e5
9.Nc3 c6 10.dxe5 dxe5 11.Rfd1 O-O 12.Qd6 Qxd6 13.Rxd6 Re8 14.Rad1 Bg4 15.Rd8 Nbd7
16.Rxa8 Rxa8 17.h3 Bxf3 18.Bxf3 Nc5 19.e3 Kf8 20.Kf1 Ke7 21.Ke2 a4 22.h4 h6
23.Bg2 Ne8 24.Nb1 Nd6 25.Nd2 f5 26.Rc1 e4 27.f3 Ke6 28.f4 Nd3 29.Rb1 Rg8
30.g4 g6 31.h5 gxh5 32.gxf5+ Kxf5 33.Bh3+ Kf6 34.b3 axb3 35.axb3 Ra8 36.Kf1 Ra2
37.Rd1 Nb2 38.Rb1 Na4 39.bxa4 Rxd2 40.c5 Nc4 41.Rxb7 Nxe3+ 42.Ke1 Rd3 43.Bd7 Nc2+
44.Kf1 Nd4 45.Bxc6 e3 46.Bf3 Rd2 47.Bxh5 Rf2+ 48.Kg1 Rc2 49.Rb6+ Kf5 50.Bg6+ Kxf4
51.Bxc2 Nxc2 52.Kf1 h5 53.c6 Kf3 54.Rb3  1-0

[Event "17th Belgrade Trophy"]
[Site "Obrenovac SCG"]
[Date "2004.11.25"]
[Round "4"]
[White "Pantovic,D"]
[Black "Mitrovic,V1"]
[Result "1/2-1/2"]
[WhiteElo "2127"]
[BlackElo "1937"]

1.d4 Nf6 2.Nf3 e6 3.c4 Bb4+ 4.Bd2 Qe7 5.g3 Bxd2+ 6.Qxd2 d6 7.Nc3 b6 8.Bg2 Bb7
9.O-O O-O 10.Qc2 Nbd7 11.b4 Rfd8 12.e4 e5 13.d5 a5 14.a3 Rdb8 15.Ne1 axb4
16.Nb5 Nc5 17.Nd3 Nxd3 18.Qxd3 bxa3 19.Rxa3 Rxa3 20.Qxa3 Ra8 21.Qc3 Ne8 22.Ra1 Qd8
23.Ra3 Rxa3 24.Qxa3 Qa8 25.Qxa8 Bxa8 26.Bh3 c6 27.Na7 cxd5 28.exd5 Bb7 29.Bd7 Nc7
30.Bc8 Ba8 31.Bd7 Bb7 32.Bc8  1/2-1/2

[Event "17th Belgrade Trophy"]
[Site "Obrenovac SCG"]
[Date "2004.11.25"]
[Round "4"]
[White "Vojinovic,G"]
[Black "Nanu,C"]
[Result "1/2-1/2"]
[WhiteElo "2447"]
[BlackElo "2459"]

1.d4 Nf6 2.Nf3 e6 3.c4 Bb4+ 4.Bd2 c5 5.Bxb4 cxb4 6.g3 O-O 7.Bg2 Nc6 8.O-O d6
9.a3 Qb6 10.axb4 Qxb4 11.Qc2 Qb6 12.c5 dxc5 13.dxc5 Qc7 14.Na3 e5 15.Nb5 Qe7
16.Nd6 Bg4 17.Qc4 Rad8 18.b4 a6 19.Rab1 Rd7 20.b5 axb5 21.Rxb5 Bxf3 22.Bxf3 Nd4
23.Rb6 Nxf3+ 24.exf3 Rc7 25.Rc1 Rd8 26.Kg2 Ne8 27.Qb4 Qg5 28.Rc4 Nxd6 29.cxd6 Rcd7
30.Rxb7 g6 31.Rxd7 Rxd7 32.Qc5 Qf6 33.Qc8+ Qd8 34.Qc6 Kg7 35.h4 Qe8  1/2-1/2

[Event "Lushki A"]
[Site "Serpukhov RUS"]
[Date "2004.11.26"]
[Round "10"]
[White "Zubarev,Al1"]
[Black "Ostrovskiy,A"]
[Result "1/2-1/2"]
[WhiteElo "2505"]
[BlackElo "2297"]

1.d4 Nf6 2.Nf3 e6 3.c4 Bb4+ 4.Bd2 Qe7 5.g3 Nc6 6.Nc3 O-O 7.Bg2 d6 8.O-O Bxc3
9.Bxc3 Ne4 10.Be1 a5 11.Nd2 Nxd2 12.Qxd2 e5 13.d5 Nb8 14.e4 Nd7 15.f4 exf4
16.gxf4 f5 17.e5 dxe5 18.fxe5 Nxe5 19.Qd4 Ng4 20.Bd2 Ra6 21.Rae1 Qd8 22.h3 Nf6
23.Bc3 Nh5 24.Re5 Rg6 25.Rf2 Ng3 26.Kh2 Ne4 27.Bxe4 fxe4 28.Rxe4 Qd6+ 29.Ref4 Rgf6
30.c5 Qd7 31.Rg2 Rg6 32.Rxf8+ Kxf8 33.Rf2+ Kg8 34.Rf3 b6 35.c6 Qd6+ 36.Qe5 Rg5
37.Qxd6 cxd6 38.Rd3 Kf7 39.Bd2 Rf5 40.Kg3 Ke8 41.Bf4 Ke7 42.h4 h6 43.a4 Ba6
44.Rd4 g5 45.hxg5 hxg5 46.Be3 Re5 47.Kf3 Kd8 48.b3 Kc7 49.Rd2 b5 50.axb5 Bxb5
51.Bf2 a4 52.Bg3 Rxd5 53.Rxd5 Bxc6 54.bxa4  1/2-1/2

[Event "Lushki B"]
[Site "Serpukhov RUS"]
[Date "2004.11.27"]
[Round "12"]
[White "Duisenova,M"]
[Black "Goltsov,D"]
[Result "0-1"]
[WhiteElo "2186"]
[BlackElo "2296"]

1.d4 e6 2.Nf3 Nf6 3.c4 Bb4+ 4.Bd2 Qe7 5.g3 Nc6 6.Bg2 Bxd2+ 7.Nbxd2 d6 8.e4 a5
9.Qc2 O-O 10.O-O e5 11.d5 Nb8 12.b3 Bg4 13.a3 Nbd7 14.b4 Ra7 15.Ra2 Rfa8
16.Rfa1 Bxf3 17.Bxf3 Qf8 18.Nb3 b6 19.Nd2 Qc8 20.Nb3 axb4 21.axb4 Rxa2 22.Rxa2 Ra6
23.Kg2 g6 24.Qb2 Qa8 25.Nc1 g5 26.h3 Kg7 27.Qa1 Rxa2 28.Qxa2 Qxa2 29.Nxa2 h5
30.Nc3 Kg6 31.Be2 Nb8 32.Bd3 Kg7 33.Kf3 Kf8 34.Ke3 Ke7 35.Be2 h4 36.Na2 c6
37.Nc3 Kd7 38.gxh4 gxh4 39.f4 c5 40.b5 Ke7 41.f5 Nbd7 42.Nb1 Nh7 43.Nd2 Ng5
44.Bg4 Nf6 45.Kd3 Kf8 46.Ke3 Kg7 47.Kd3 Kh7 48.Ke3 Kh6 49.Kd3 Nxg4 50.hxg4 h3
51.Nf1 Nf3 52.Ke3 h2 53.Ng3 Nd4 54.Nh1 Kg5 55.Nf2 f6 56.Kd2 Kf4 57.Ke1 Kg3
58.Kf1 Nf3 59.Nh1+ Kxg4 60.Kg2 Nd2 61.Nf2+ Kg5 62.Kxh2 Nxc4 63.Nd3 Na5 64.Kg3 c4
65.Nb4 Nb3 66.Kf3 Nd4+ 67.Ke3 Nxb5  0-1

[Event "Open"]
[Site "Porec HUN"]
[Date "2004.12.04"]
[Round "6"]
[White "Senjic,P"]
[Black "Pahor,A"]
[Result "0-1"]
[WhiteElo "1965"]
[BlackElo "2063"]

1.d4 Nf6 2.Nf3 e6 3.c4 Bb4+ 4.Bd2 c5 5.e3 O-O 6.Bxb4 cxb4 7.Bd3 d6 8.Nbd2 Re8
9.e4 e5 10.d5 a5 11.a3 Na6 12.axb4 Nxb4 13.Be2 Bg4 14.O-O Qb6 15.b3 Na6 16.Nh4 Bd7
17.Kh1 Nc5 18.Qc2 a4 19.Rab1 axb3 20.Nxb3 Ncxe4 21.Bd3 Nc5 22.Nxc5 Qxc5 23.Rxb7 Ba4
24.Qc1 Qd4 25.Bxh7+ Nxh7 26.Nf5 Qc5 27.Qc3 Nf8 28.Ne7+ Kh8 29.Qh3+ Nh7 30.Qf3 Qxc4
31.Rfb1 Qf4 32.Qh5 Bc2 33.Rg1 Rab8 34.Rc7 Rb1 35.Rxc2 Reb8 36.Rd1 Qg5 37.Qe2 Qxe7
38.g3 Qb7 39.Kg2 Rxd1 40.Qxd1 Nf6 41.Rc6 Qb4 42.f3 e4 43.h4 e3 44.Rc2 Re8
45.g4 Qb3 46.Qe2 Nxd5 47.Kg3 Nc3 48.Qd3 Ne4+  0-1

[Event "TCh-BEL 2004-5"]
[Site "Belgium BEL"]
[Date "2004.12.05"]
[Round "5"]
[White "Hammes,M"]
[Black "Klyuner,V"]
[Result "1/2-1/2"]
[WhiteElo "2357"]
[BlackElo "2395"]

1.d4 Nf6 2.c4 e6 3.Nf3 Bb4+ 4.Bd2 Qe7 5.g3 O-O 6.Bg2 Bxd2+ 7.Qxd2 d6 8.Nc3 c6
9.O-O e5 10.c5 dxc5 11.dxe5 Nfd7 12.Qf4 Re8 13.Rad1 Nf8 14.Ne4 Ng6 15.Qe3 Nxe5
16.Nxe5 Qxe5 17.Qxc5 Qxc5 18.Nxc5 Kf8 19.e3 a5 20.Rd4 Na6 21.Rc1 Nxc5 22.Rxc5 Be6
23.a3 Ke7 24.Kf1 Red8 25.Rxd8 Kxd8 26.Ke2 Kc7 27.e4 Kb6 28.Rc2 Rd8 29.f4 f6
30.Ke3 c5 31.Bf1 Rd4 32.Rd2 Rxd2 33.Kxd2 c4 34.Kc3 Kc5 35.a4 Bd7 36.Bxc4 Bxa4
37.e5 fxe5 38.fxe5 Bc6 39.e6 b5 40.Ba2 b4+ 41.Kd3 a4 42.e7 Bb5+ 43.Ke4 Kd6
44.Kd4 b3 45.Bb1 g6 46.h4 Kxe7 47.h5 Kf6 48.hxg6 hxg6 49.Be4 Bd7 50.Kc3 g5
51.Bg2 Ke5 52.Bf3 Kd6 53.Kb4 Be8 54.Bg2 Ke5 55.Kc3 Bb5 56.Bf3 Bd7 57.Bg2 g4
58.Bb7 Kd6  1/2-1/2

[Event "3rd Subasic Mem"]
[Site "Zenica BIH"]
[Date "2004.12.05"]
[Round "1"]
[White "Terzic,S"]
[Black "Drasko,M"]
[Result "1/2-1/2"]
[WhiteElo "2289"]
[BlackElo "2486"]

1.d4 e6 2.c4 Nf6 3.Nf3 Bb4+ 4.Bd2 c5 5.e3 O-O 6.Bd3 d6 7.O-O Nc6 8.a3 Bxd2
9.Qxd2 e5 10.dxe5 dxe5 11.Qc2 h6  1/2-1/2

[Event "FSGM December"]
[Site "Budapest HUN"]
[Date "2004.12.08"]
[Round "5"]
[White "Berczes,D"]
[Black "Ilincic,Z"]
[Result "1/2-1/2"]
[WhiteElo "2321"]
[BlackElo "2522"]

1.d4 Nf6 2.c4 e6 3.Nf3 Bb4+ 4.Bd2 c5 5.Bxb4 cxb4 6.g3 O-O 7.Bg2 d6 8.O-O Nc6
9.Nbd2 a5 10.e4 e5 11.d5 Nb8 12.c5 Bg4 13.cxd6 Ne8 14.Qc2 f6 15.Nh4 Nxd6
16.h3 Be2 17.Rfe1 Bb5 18.a4 bxa3 19.bxa3 g6 20.a4 Ba6 21.Qc5 b6 22.Qa3 Nb7
23.f4 Nd7 24.Nhf3 Nbc5 25.Qe3 Nd3 26.Red1 Qc7 27.fxe5 fxe5 28.Ne1 Qc5 29.Qxc5 N3xc5
30.Nc2 Rac8 31.Ne3 Nb7 32.Rdc1 Rxc1+ 33.Rxc1 Nbc5 34.Ra1 Bd3 35.h4 Rc8 36.Bh3 Rc7
37.Rc1 Nf6 38.d6 Rc6 39.d7 Rd6 40.Nec4 Bxc4 41.Nxc4 Rd4 42.Nxb6 Nfxd7 43.Bxd7 Nxd7
44.Nxd7 Rxd7 45.Rc5 Rd4 46.Rxa5 Rxe4 47.Ra7 Re2 48.Kf1 Ra2 49.Re7  1/2-1/2

[Event "It Chiburdanidze"]
[Site "Tblisi GEO"]
[Date "2004.12.10"]
[Round "8"]
[White "Charkhalashvili,I"]
[Black "Mikadze,M"]
[Result "1-0"]
[WhiteElo "2278"]
[BlackElo "2172"]

1.d4 e6 2.c4 Nf6 3.Nf3 Bb4+ 4.Bd2 c5 5.Bxb4 cxb4 6.e3 O-O 7.Bd3 d6 8.O-O Re8
9.Qc2 a5 10.Nbd2 Na6 11.Rad1 Qe7 12.Qb1 e5 13.c5 exd4 14.cxd6 Qxd6 15.Nxd4 Nc5
16.Nc4 Qe7 17.Be2 g6 18.Bf3 Ra6 19.Qc2 Bd7 20.Qe2 Rb8 21.Nd2 b5 22.N4b3 Nce4
23.Rc1 a4 24.Rfe1 Qe5 25.Nb1 Kg7 26.Red1 Rbb6 27.h3 Be6  1-0

[Event "FSIM December"]
[Site "Budapest HUN"]
[Date "2004.12.12"]
[Round "9"]
[White "Szeberenyi,A"]
[Black "Werner,Di"]
[Result "1-0"]
[WhiteElo "2366"]
[BlackElo "2301"]

1.d4 e6 2.c4 Nf6 3.Nf3 Bb4+ 4.Bd2 Qe7 5.g3 Bxd2+ 6.Qxd2 Ne4 7.Qc2 Qb4+ 8.Nbd2 Nxd2
9.Nxd2 Nc6 10.e3 Qe7 11.Bg2 O-O 12.O-O d6 13.d5 Nd8 14.Rac1 e5 15.c5 f5 16.cxd6 cxd6
17.Qc7 Qf6 18.Nc4 Nf7 19.Rc3 f4 20.exf4 exf4 21.gxf4 b5 22.Na5 b4 23.Re3 Ba6
24.Rfe1 Qxf4 25.Rf3 Qd2 26.Qc1 Qxc1 27.Rxc1 Ne5 28.Rxf8+ Rxf8 29.Nc6 Nd3
30.Rc2 Re8 31.h4 Re1+ 32.Kh2 Nf4 33.Nxb4 Nxg2 34.Kxg2 Bf1+ 35.Kg3 a5 36.Nc6 Bd3
37.Rd2 Bb1 38.Nxa5 Bxa2 39.b4 Ra1 40.Nb7 Bb3 41.Nxd6 Ba4 42.Ne4 Kf8 43.d6 Ke8
44.Nc5 Bd7 45.Re2+ Kd8 46.Re7  1-0

[Event "Open"]
[Site "Zadar CRO"]
[Date "2004.12.14"]
[Round "2"]
[White "Sebenik,M"]
[Black "Skrbin,K"]
[Result "1-0"]
[WhiteElo "2413"]
[BlackElo "2182"]

1.Nf3 Nf6 2.c4 e6 3.d4 Bb4+ 4.Bd2 Qe7 5.g3 Nc6 6.Nc3 Bxc3 7.Bxc3 Ne4 8.Qc2 Nxc3
9.Qxc3 O-O 10.Bg2 d6 11.O-O e5 12.d5 Nb8 13.c5 Bg4 14.Rac1 a5 15.a3 Qd8 16.Rfd1 Bxf3
17.Bxf3 Nd7 18.b4 axb4 19.axb4 b6 20.cxd6 cxd6 21.Qc6 Nf6 22.Qb5 e4 23.Bg2 Re8
24.Rc6 Rb8 25.Rdc1 Re5 26.Qa6 Re8 27.Qb5 g6 28.Bh3 Kg7 29.Rc7 Rf8 30.Qc4 Qe8
31.Qd4 Qb5 32.Be6 Qxe2 33.Bxf7 Qf3 34.R1c3 Qh5 35.h4 Rbd8 36.Be6+ Kh6 37.Qe3+ g5
38.Bf5 Qd1+ 39.Kg2 Qf3+ 40.Qxf3 exf3+ 41.Rxf3 gxh4 42.gxh4 Rg8+ 43.Rg3 Rdf8
44.Kh3 b5 45.Rxg8 Rxg8 46.Rf7  1-0